Catalog

Record Details

Catalog Search



Pietr the Latvian. #1 / Georges Simenon ; ... Read More

Available copies

  • 1 of 1 copy available at LARL/NWRL Consortium.

Current holds

0 current holds with 1 total copy.

Show Only Available Copies
Location Call Number / Copy Notes Barcode Shelving Location Status Due Date
Thief River Falls Public Library SIM (Text) 35500005694904 Main Available -

Record details

  • ISBN: 9780141392738
  • ISBN: 0141392738
  • Physical Description: 161 pages ; 20 cm.
  • Publisher: London : Penguin Books, 2013.

Content descriptions

General Note:
"First published in serial, as Pietr-le-Letton, in Ric et Rac, 1930."--Title page verso.
"The first Maigret novel."--Cover.
Subject: Maigret, Jules (Fictitious character) > Fiction.
Police > France > Paris > Fiction.
Genre: Mystery fiction.
LDR 01462cam a2200385Ii 4500
001191470
003LARL_NWRL_CONSORTIUM
00520210609135643.0
008130703s2013 enk 000 f eng d
019 . ‡a852221608 ‡a852238240
020 . ‡a9780141392738 ‡q(pbk.)
020 . ‡a0141392738 ‡q(pbk.)
035 . ‡a(OCoLC)858004618 ‡z(OCoLC)852221608 ‡z(OCoLC)852238240
0411 . ‡aeng ‡hfre
049 . ‡aNRG
08204. ‡a843.912 ‡223
099 . ‡aMYS
1001 . ‡aSimenon, Georges, ‡d1903-1989, ‡eauthor. ‡0(LARL_NWRL_CONSORTIUM)2349
24510. ‡aPietr the Latvian. ‡n#1 / ‡cGeorges Simenon ; translated by David Bellos.
264 1. ‡aLondon : ‡bPenguin Books, ‡c2013.
300 . ‡a161 pages ; ‡c20 cm.
336 . ‡atext ‡2rdacontent.
337 . ‡aunmediated ‡2rdamedia.
338 . ‡avolume ‡2rdacarrier.
4900 . ‡aInspector Maigret ; ‡v1
500 . ‡a"First published in serial, as Pietr-le-Letton, in Ric et Rac, 1930."--Title page verso.
500 . ‡a"The first Maigret novel."--Cover.
650 0. ‡aMaigret, Jules (Fictitious character) ‡vFiction. ‡0(LARL_NWRL_CONSORTIUM)166000
650 0. ‡aPolice ‡zFrance ‡zParis ‡vFiction. ‡0(LARL_NWRL_CONSORTIUM)166807
655 7. ‡aMystery fiction. ‡2gsafd.
7001 . ‡aBellos, David, ‡etranslator. ‡0(LARL_NWRL_CONSORTIUM)72454
901 . ‡a191470 ‡bISxN ‡c191470 ‡tbiblio

Additional Resources